[Event "Senioren Europa Meister"]
[Site "Saint-Vincent"]
[Date "2001.09.19"]
[Round "5"]
[White "Vaisman, V."]
[Black "Vucenovic, D."]
[Result "0-1"]
[WhiteElo "2398"]
[BlackElo "2275"]
[PlyCount "98"]

1. d4 Nf6 2. c4 g6 3. Nc3 Bg7 4. e4 d6 5. h3 O-O 6. Bg5 c5 7. d5 e6 8. Bd3 Qa5
9. Nge2 exd5 10. exd5 Nbd7 11. f4 b5 12. O-O bxc4 13. Bxc4 Ba6 14. Bxa6 Qxa6
15. f5 Rab8 16. Rb1 Rfe8 17. Ng3 Rb4 18. Qc2 Qb7 19. a3 Rd4 20. Nge2 Ne4 21.
Bf4 Qc8 22. Nxe4 Rdxe4 23. Ng3 Rd4 24. Bxd6 Rxd5 25. Bf4 Ne5 26. Rbd1 Qd7 27.
fxg6 hxg6 28. Rxd5 Qxd5 29. Rd1 Qc4 30. Qd2 Nd3 31. Bh6 Bd4+ 32. Kh2 Nxb2 33.
Re1 Rxe1 34. Qxe1 Qe6 35. Qxe6 fxe6 36. Ne2 e5 37. Kg3 Kf7 38. Kf3 Ke6 39. Ke4
Nc4 40. Bc1 Nd6+ 41. Kf3 Kd5 42. g4 Kc4 43. h4 Kd3 44. Ng3 e4+ 45. Kg2 Nc4 46.
h5 gxh5 47. gxh5 Nd6 48. h6 e3 49. Kf3 Nf7 0-1

[Event "Senioren Europa Meister"]
[Site "Saint-Vincent"]
[Date "2001.09.19"]
[Round "5"]
[White "Csom, I."]
[Black "Taimanov, M."]
[Result "1/2-1/2"]
[WhiteElo "2415"]
[BlackElo "2439"]
[PlyCount "53"]

1. c4 e5 2. d3 Bb4+ 3. Nd2 a5 4. Ngf3 Nc6 5. e3 Nf6 6. Be2 O-O 7. O-O Re8 8. a3
Bf8 9. b3 d6 10. Qc2 Bg4 11. Re1 Qd7 12. Bb2 h6 13. h3 Bh5 14. Ne4 Nxe4 15.
dxe4 Bg6 16. Red1 Qe7 17. g3 Bh7 18. Bf1 b6 19. Bg2 Nb8 20. Nd2 Na6 21. Nb1 c6
22. Nc3 Qb7 23. Rab1 Nc7 24. Qe2 Rab8 25. a4 Na6 26. Ba3 Nc5 27. Rb2 1/2-1/2

[Event "Senioren Europa Meister"]
[Site "Saint-Vincent"]
[Date "2001.09.19"]
[Round "5"]
[White "Kraidman, Y."]
[Black "Ljuboschitz, A."]
[Result "1-0"]
[WhiteElo "2322"]
[BlackElo "2200"]
[PlyCount "127"]

1. d4 Nf6 2. c4 g6 3. Nc3 Bg7 4. e4 d6 5. f3 O-O 6. Be3 Nbd7 7. Nh3 c5 8. d5
Ne5 9. Nf2 e6 10. Be2 exd5 11. cxd5 a6 12. a4 Re8 13. O-O h5 14. Qd2 b6 15. h3
Ned7 16. f4 Nf8 17. Bf3 Bd7 18. Rae1 Rc8 19. b3 b5 20. axb5 axb5 21. Ra1 b4 22.
Ne2 Qc7 23. Ra2 Bb5 24. Rc1 N6d7 25. Rac2 Bxe2 26. Bxe2 Qb6 27. Bf3 Ra8 28. Qd3
Ra3 29. Nd1 Qa7 30. Nb2 f5 31. Nc4 Qa6 32. Rd1 Ra1 33. Rxa1 Qxa1+ 34. Kh2 fxe4
35. Bxe4 Qf6 36. Ra2 Bh6 37. g3 h4 38. Rg2 hxg3+ 39. Rxg3 Bxf4 40. Bxf4 Qxf4
41. Bxg6 Re7 42. Bf5+ Rg7 43. Qf3 Qxg3+ 44. Qxg3 Rxg3 45. Kxg3 Nf6 46. Nxd6
Nxd5 47. Kf3 Kg7 48. Ke4 Nb6 49. Bg4 Kf6 50. Kd3 Ke5 51. Nb7 c4+ 52. bxc4 Nxc4
53. Kxc4 Ng6 54. Nc5 Kf4 55. Kxb4 Kg5 56. Ne6+ Kh4 57. Kc5 Ne5 58. Bf5 Nf3 59.
Kd5 Ng5 60. Nxg5 Kxg5 61. Ke6 Kh6 62. Kf6 Kh5 63. Kg7 Kg5 64. Bg4 1-0

[Event "Senioren Europa Meister"]
[Site "Saint-Vincent"]
[Date "2001.09.19"]
[Round "5"]
[White "Lapienis, D."]
[Black "Mueller, A."]
[Result "1-0"]
[WhiteElo "2311"]
[BlackElo "1837"]
[PlyCount "59"]

1. d4 d5 2. c4 e6 3. Nc3 Nf6 4. Bg5 Be7 5. e3 O-O 6. Nf3 Nbd7 7. Qc2 Re8 8. Rd1
c6 9. a3 a5 10. cxd5 exd5 11. Bd3 Nf8 12. h3 Ne4 13. Bxe7 Qxe7 14. O-O Ng6 15.
Bxe4 dxe4 16. Nd2 f5 17. Rde1 b5 18. Ra1 Be6 19. f3 exf3 20. Nxf3 Bd5 21. Nxd5
cxd5 22. Rae1 Qd7 23. h4 Rac8 24. Qd2 h5 25. Qxa5 Rc2 26. Rf2 Rec8 27. Rxc2
Rxc2 28. Qa8+ Rc8 29. Qa6 Rc2 30. Qxg6 1-0

[Event "Senioren Europa Meister"]
[Site "Saint-Vincent"]
[Date "2001.09.19"]
[Round "5"]
[White "Kraaykamp, W."]
[Black "Glur, E."]
[Result "1-0"]
[WhiteElo "1801"]
[BlackElo "1940"]
[PlyCount "95"]

1. Nf3 d5 2. d4 e6 3. c4 Bb4+ 4. Nc3 Ne7 5. a3 Bxc3+ 6. bxc3 O-O 7. Rb1 b6 8.
cxd5 exd5 9. e3 Bf5 10. Bd3 Nd7 11. Qc2 Bxd3 12. Qxd3 Ng6 13. c4 Re8 14. O-O c6
15. a4 Nh4 16. Nxh4 Qxh4 17. cxd5 cxd5 18. Qf5 Nf6 19. g3 Qe4 20. Qxe4 Nxe4 21.
Rb3 Rac8 22. a5 bxa5 23. Ra3 Nc3 24. Kg2 a4 25. Bb2 Ne4 26. Rxa4 Rc2 27. Ba3
Ra2 28. Rxa7 Nd2 29. Rc1 Ne4 30. Rf1 Nd2 31. Rc1 Nc4 32. Rc3 g6 33. Bc5 Rd2 34.
Be7 Rb8 35. Bf6 h6 36. e4 Nb6 37. Rb3 Kh7 38. Rxf7+ Kg8 39. Rg7+ Kf8 40. Rh7
Nd7 41. Rxb8+ Nxb8 42. Rxh6 Nd7 43. Rxg6 dxe4 44. Kf1 Nxf6 45. Rxf6+ Ke7 46.
Rf4 Rxd4 47. f3 Kd6 48. Rxe4 1-0

[Event "Senioren Europa Meister"]
[Site "Saint-Vincent"]
[Date "2001.09.19"]
[Round "5"]
[White "Frantzke, H."]
[Black "Perman, T."]
[Result "1/2-1/2"]
[WhiteElo "1831"]
[BlackElo "2130"]
[PlyCount "56"]

1. Nf3 c5 2. d3 Nc6 3. g3 g6 4. Bg2 Bg7 5. e4 e6 6. O-O Nge7 7. c3 d5 8. Nbd2
h6 9. Re1 b6 10. e5 O-O 11. d4 cxd4 12. cxd4 Nf5 13. Nb3 Bd7 14. Bh3 a5 15.
Bxf5 exf5 16. h4 a4 17. Nbd2 Qc7 18. Nf1 Na5 19. Bf4 Qb7 20. Ne3 Rfc8 21. Nd2
b5 22. b3 axb3 23. axb3 Be6 24. b4 Nc4 25. Rxa8 Rxa8 26. Nb3 h5 27. Nc5 Qa7 28.
Nc2 Qa2 1/2-1/2

[Event "Senioren Europa Meister"]
[Site "Saint-Vincent"]
[Date "2001.09.20"]
[Round "6"]
[White "Kraaykamp, W."]
[Black "Neri, A."]
[Result "1-0"]
[WhiteElo "1801"]
[BlackElo "2006"]
[PlyCount "105"]

1. Nf3 f5 2. g3 Nf6 3. Bg2 g6 4. d3 d5 5. c3 Bg7 6. Nbd2 O-O 7. Qc2 Nc6 8. e4
fxe4 9. dxe4 dxe4 10. Nxe4 Qd5 11. Nfg5 Qf5 12. Qb3+ e6 13. O-O h6 14. Bh3 Qd5
15. c4 Na5 16. cxd5 Nxb3 17. axb3 hxg5 18. Nxf6+ Bxf6 19. dxe6 Be7 20. Be3 a5
21. Rad1 Ra6 22. Rfe1 Bxe6 23. Bf1 Rd6 24. Rc1 Rc6 25. Rxc6 bxc6 26. Bd4 Kf7
27. Bc4 Bxc4 28. bxc4 Bf6 29. Bxf6 Kxf6 30. Ra1 Ra8 31. b3 Ke5 32. Rd1 c5 33.
Rd5+ Ke4 34. Rxc5 a4 35. bxa4 Rxa4 36. Kg2 Ra7 37. Rxg5 Kd3 38. c5 Ra6 39. h4
Rc6 40. g4 Ke2 41. Re5+ Kd3 42. h5 Kd4 43. f4 gxh5 44. gxh5 Rh6 45. Kg3 c6 46.
Kg4 Rh8 47. Kg5 Rg8+ 48. Kf6 Rf8+ 49. Kg7 Rxf4 50. Rg5 Ke3 51. h6 Ra4 52. h7
Ra7+ 53. Kh6 1-0

[Event "Senioren Europa Meister"]
[Site "Saint-Vincent"]
[Date "2001.09.20"]
[Round "6"]
[White "Perman, T."]
[Black "Conrady, A."]
[Result "1/2-1/2"]
[WhiteElo "2130"]
[BlackElo "1915"]
[PlyCount "34"]

1. c4 c5 2. Nc3 g6 3. g3 Bg7 4. Bg2 Nc6 5. e3 e5 6. Nge2 Nge7 7. O-O O-O 8. d3
d6 9. Rb1 Bg4 10. h3 Be6 11. Nd5 Qd7 12. Kh2 Rab8 13. Nec3 Bxd5 14. Nxd5 Nxd5
15. cxd5 Ne7 16. b3 b5 17. Qc2 b4 1/2-1/2

[Event "Senioren Europa Meister"]
[Site "Saint-Vincent"]
[Date "2001.09.20"]
[Round "6"]
[White "Mueller, A."]
[Black "Laco, G."]
[Result "1/2-1/2"]
[WhiteElo "1837"]
[BlackElo "2167"]
[PlyCount "63"]

1. d4 b6 2. c4 g6 3. Nf3 Bb7 4. e3 f5 5. g3 Bg7 6. Bg2 Nh6 7. O-O O-O 8. Bd2 e6
9. Bc3 d5 10. Ne5 Nd7 11. Nxd7 Qxd7 12. Nd2 Nf7 13. Re1 c6 14. Rc1 Rfd8 15. Qb3
g5 16. a4 Bf6 17. a5 b5 18. cxd5 cxd5 19. Qd1 a6 20. Nb3 Qe8 21. Nc5 Bc8 22.
Qh5 Qf8 23. Bb4 Qg7 24. Nd3 Qg6 25. Qxg6+ hxg6 26. Rc7 Rd7 27. Rec1 Rxc7 28.
Rxc7 Bd8 29. Rc2 Kg7 30. f3 Bf6 31. Rc7 Bd8 32. Rc2 1/2-1/2

[Event "Senioren Europa Meister"]
[Site "Saint-Vincent"]
[Date "2001.09.21"]
[Round "7"]
[White "Conrady, A."]
[Black "Orev, P."]
[Result "0-1"]
[WhiteElo "1915"]
[BlackElo "2245"]
[PlyCount "54"]

1. e4 Nf6 2. e5 Nd5 3. d4 d6 4. c4 Nb6 5. exd6 cxd6 6. Nf3 g6 7. Nc3 Bg7 8. Be3
O-O 9. Bd3 Nc6 10. a3 Bg4 11. Be2 d5 12. c5 Nc4 13. Bxc4 dxc4 14. h3 Bxf3 15.
Qxf3 Nxd4 16. Bxd4 Qxd4 17. O-O Qxc5 18. Rfd1 Bxc3 19. Qxc3 Rfd8 20. Qf3 b5 21.
g4 a5 22. h4 h5 23. Re1 hxg4 24. Qxg4 Rd4 25. Re4 Rad8 26. Rae1 e6 27. h5 Rxe4
0-1

[Event "Senioren Europa Meister"]
[Site "Saint-Vincent"]
[Date "2001.09.21"]
[Round "7"]
[White "Laco, G."]
[Black "Kohlschmidt, C."]
[Result "1-0"]
[WhiteElo "2167"]
[BlackElo "1790"]
[PlyCount "53"]

1. c4 c5 2. Nc3 Nc6 3. f4 g6 4. e4 Bg7 5. Nge2 e6 6. g3 b6 7. Bg2 Bb7 8. O-O a6
9. d3 Nd4 10. Be3 Nxe2+ 11. Qxe2 Ne7 12. g4 Nc6 13. f5 Bd4 14. fxe6 dxe6 15.
Kh1 Bxe3 16. Qxe3 h5 17. Qf4 Qe7 18. e5 Nd8 19. Ne4 hxg4 20. Nd6+ Kf8 21. Bxb7
Ra7 22. Bg2 Qh4 23. Kg1 f5 24. exf6 Rah7 25. Rae1 Qxh2+ 26. Qxh2 Rxh2 27. Re3
1-0

[Event "Senioren Europa Meister"]
[Site "Saint-Vincent"]
[Date "2001.09.21"]
[Round "7"]
[White "Gruzmann, B."]
[Black "Kraaykamp, W."]
[Result "1-0"]
[WhiteElo "2308"]
[BlackElo "1801"]
[PlyCount "43"]

1. e4 c5 2. Nf3 d6 3. d4 cxd4 4. Nxd4 Nf6 5. Nc3 a6 6. f4 b5 7. e5 dxe5 8. fxe5
Nd5 9. Ndxb5 Nxc3 10. Qxd8+ Kxd8 11. Nxc3 Bf5 12. Bd3 Bxd3 13. cxd3 e6 14. Be3
Bb4 15. O-O Ke8 16. Ne4 h6 17. Rac1 Nd7 18. Bd4 Ke7 19. a3 Ba5 20. Rc6 Rhd8 21.
b4 Nb8 22. Rc4 1-0

[Event "Senioren Europa Meister"]
[Site "Saint-Vincent"]
[Date "2001.09.21"]
[Round "7"]
[White "Khanukov, B."]
[Black "Omari, F."]
[Result "1-0"]
[WhiteElo "2313"]
[BlackElo "2100"]
[PlyCount "85"]

1. d4 d5 2. c4 c6 3. Nf3 Nf6 4. Nc3 e6 5. Bg5 Nbd7 6. cxd5 exd5 7. e3 Be7 8.
Bd3 O-O 9. Qc2 h6 10. Bh4 Re8 11. O-O Ne4 12. Bxe7 Qxe7 13. Rab1 Ndf6 14. b4
Nxc3 15. Qxc3 Ne4 16. Bxe4 dxe4 17. Nd2 a6 18. a4 Qg5 19. Qc5 Bg4 20. Qxg5 hxg5
21. Rfe1 Bh5 22. Kf1 f5 23. Rec1 Bf7 24. Rc5 g6 25. h3 Kg7 26. Ke2 Red8 27. b5
axb5 28. axb5 Bd5 29. Rb2 Ra4 30. bxc6 bxc6 31. Nb1 Rda8 32. Nc3 Rc4 33. Nxd5
Rxc5 34. Rb7+ Kf8 35. dxc5 Ra2+ 36. Kd1 Ra1+ 37. Kd2 Ra2+ 38. Kc3 cxd5 39. c6
Ra6 40. c7 Rc6+ 41. Kd4 Ke8 42. Kxd5 Rc2 43. Kd6 1-0

[Event "Senioren Europa Meister"]
[Site "Saint-Vincent"]
[Date "2001.09.21"]
[Round "7"]
[White "Rahls, P."]
[Black "Ljuboschitz, A."]
[Result "1-0"]
[WhiteElo "2320"]
[BlackElo "2200"]
[PlyCount "163"]

1. e4 e5 2. Nc3 Nf6 3. g3 d5 4. exd5 Nxd5 5. Bg2 Nxc3 6. bxc3 Bc5 7. Nf3 Nc6 8.
O-O O-O 9. d3 Bg4 10. Qe2 Qd6 11. Qe4 f5 12. Qc4+ Kh8 13. d4 Bb6 14. Nxe5 Nxe5
15. dxe5 Qxe5 16. Bf4 Qe2 17. Qxe2 Bxe2 18. Rfe1 Ba6 19. Re7 Rae8 20. Rae1 Bb5
21. Bxb7 Rxe7 22. Rxe7 Re8 23. Rxe8+ Bxe8 24. Bd5 Bd7 25. Be5 h6 26. c4 Ba4 27.
c3 c6 28. Be6 Bc2 29. h4 Kh7 30. Kf1 g6 31. Ke2 Bb1 32. a3 Bc2 33. Bd6 Kg7 34.
c5 Bd8 35. Bd7 Ba4 36. Kd3 Bb5+ 37. c4 Ba4 38. Be5+ Bf6 39. Kd4 Kf7 40. h5 gxh5
41. Bxf6 Kxf6 42. f4 a5 43. Ke3 Kg6 44. Be8+ Kf6 45. Bxh5 Ke6 46. Bf3 Kd7 47.
Kd2 Ke6 48. Be2 Kf6 49. Bd3 Bb3 50. Kc3 Bd1 51. Kd2 Bb3 52. Be2 Ke6 53. Ke3 Ba4
54. Kf2 Kf6 55. Bf3 Kg6 56. Kg2 Kf6 57. Kh3 Kg6 58. Kh4 Kf6 59. Kh5 Kg7 60. Kh4
Kf6 61. Bh5 Bc2 62. Be8 Be4 63. Bh5 Ke6 64. Be2 Kf6 65. Kh3 Ke6 66. Kh2 Kf6 67.
Kg1 Ke6 68. Kf2 Bc2 69. Ke3 Bb3 70. Kd3 Kf6 71. Bh5 Ba4 72. Kd2 Bb3 73. Be8 Ba4
74. Bd7 Kg6 75. Ke3 Kf6 76. Kd4 h5 77. Be8 Ke6 78. Bxh5 Bc2 79. Bf3 Kd7 80. Ke5
Bd3 81. Bh5 Bxc4 82. Bg6 1-0

[Event "Senioren Europa Meister"]
[Site "Saint-Vincent"]
[Date "2001.09.23"]
[Round "9"]
[White "Etmans, M."]
[Black "Ljuboschitz, A."]
[Result "0-1"]
[WhiteElo "2142"]
[BlackElo "2200"]
[PlyCount "54"]

1. d3 g6 2. e4 Bg7 3. Nc3 d6 4. g3 e5 5. Bg2 Ne7 6. Nge2 O-O 7. Be3 Nbc6 8. d4
exd4 9. Nxd4 f5 10. O-O fxe4 11. Nxe4 h6 12. Nxc6 Nxc6 13. Nc3 Kh7 14. Rb1 Bf5
15. Re1 Qd7 16. Nd5 Rf7 17. Qd2 Re8 18. b3 Be4 19. Bxe4 Rxe4 20. Qd3 Qg4 21. f4
Re8 22. Bf2 Ref8 23. Qe2 Qh3 24. Qf1 Qh5 25. Qd3 Ne5 26. Qe2 Nf3+ 27. Kg2 Nxe1+
0-1

[Event "Senioren Europa Meister"]
[Site "Saint-Vincent"]
[Date "2001.09.23"]
[Round "9"]
[White "Semasev, K."]
[Black "Omari, F."]
[Result "1-0"]
[WhiteElo "2300"]
[BlackElo "2100"]
[PlyCount "69"]

1. e4 e5 2. Nf3 Nc6 3. Bb5 a6 4. Ba4 d6 5. O-O Bd7 6. c3 Nf6 7. Re1 g6 8. d4
Qe7 9. Nbd2 Bg7 10. Nf1 O-O 11. Bg5 Qe8 12. d5 Nb8 13. Bc2 h6 14. Bd2 Bg4 15.
Ne3 Bxf3 16. Qxf3 Nbd7 17. b4 Qe7 18. c4 Nh5 19. g3 Kh7 20. Nf5 Qf6 21. Qg4
gxf5 22. Qxh5 f4 23. Bxf4 Qg6 24. Qe2 a5 25. a3 axb4 26. axb4 Bf6 27. Be3 Bg5
28. f4 Be7 29. Kh1 Kh8 30. Rg1 Qf6 31. Rad1 Qg7 32. Bb1 Ra3 33. Bd2 b6 34. Qh5
Kh7 35. Qf5+ 1-0

[Event "Senioren Europa Meister"]
[Site "Saint-Vincent"]
[Date "2001.09.23"]
[Round "9"]
[White "Neri, A."]
[Black "Kohlschmidt, C."]
[Result "1/2-1/2"]
[WhiteElo "2006"]
[BlackElo "1790"]
[PlyCount "46"]

1. e4 e5 2. Nf3 Nc6 3. Bb5 a6 4. Ba4 Nf6 5. O-O b5 6. Bb3 Bc5 7. d3 d6 8. c3
Bg4 9. a4 O-O 10. axb5 axb5 11. Rxa8 Qxa8 12. Bg5 Nd7 13. Nbd2 Qa6 14. Bd5 Nd8
15. Bxd8 Rxd8 16. Bxf7+ Kh8 17. Qb3 c6 18. h3 Bxf3 19. Nxf3 Qa7 20. Ng5 Rf8 21.
Nf3 Nf6 22. Be6 Nh5 23. Bg4 Ng3 1/2-1/2

[Event "Senioren Europa Meister"]
[Site "Saint-Vincent"]
[Date "2001.09.23"]
[Round "9"]
[White "Efkarpidis, S."]
[Black "Kraaykamp, W."]
[Result "0-1"]
[WhiteElo "1674"]
[BlackElo "1801"]
[PlyCount "120"]

1. e4 c5 2. Nf3 e6 3. d4 cxd4 4. Nxd4 a6 5. Be3 Nf6 6. f3 d5 7. e5 Nfd7 8. f4
Nc6 9. c3 Be7 10. Bd3 Nf8 11. O-O Ng6 12. Nxc6 bxc6 13. b4 Qc7 14. Qh5 c5 15.
a3 d4 16. cxd4 cxd4 17. Rc1 Qd7 18. Bd2 Bb7 19. Ra2 Qd5 20. Qf3 Qxa2 21. Qxb7
Qd5 22. Bxa6 O-O 23. Qxd5 exd5 24. Bb7 Rad8 25. Rc7 Rfe8 26. a4 Nf8 27. Na3 Ne6
28. Rc1 Rb8 29. Bxd5 Bxb4 30. Bxb4 Rxb4 31. f5 Nf4 32. Bf3 Rb3 33. Ra1 Rxe5 34.
Nb5 d3 35. Nd4 Rb2 36. h3 Ne2+ 37. Nxe2 dxe2 38. Re1 Ra2 39. Bc6 Rxf5 40. Bb5
Rf4 41. g3 Re4 42. Kf2 Kf8 43. Kf3 f5 44. Bc6 Re5 45. Bb5 g5 46. Kf2 Ke7 47. g4
f4 48. Rxe2 Rexe2+ 49. Bxe2 Rxa4 50. Bd3 h6 51. Bb5 Rb4 52. Bc6 Kd6 53. Ba8 Ke5
54. Bc6 Rb2+ 55. Kg1 Kd4 56. Kh1 Ke3 57. Kg1 f3 58. Bd5 f2+ 59. Kg2 Rb1 60. Bc4
Rg1+ 0-1

[Event "Senioren Europa Meister"]
[Site "Saint-Vincent"]
[Date "2001.09.23"]
[Round "9"]
[White "Murey, Y."]
[Black "Vucenovic, D."]
[Result "1-0"]
[WhiteElo "2480"]
[BlackElo "2275"]
[PlyCount "111"]

1. d4 Nf6 2. c4 g6 3. Nc3 Bg7 4. e4 d6 5. f3 O-O 6. Be3 e5 7. Nge2 c6 8. Qd2
Re8 9. d5 cxd5 10. cxd5 Nbd7 11. g4 h5 12. h3 a6 13. Bg5 Qb6 14. Ng3 Qd4 15.
Qe2 Nf8 16. Be3 Qb4 17. Rg1 h4 18. Nh1 Bd7 19. Qd2 Rac8 20. Nf2 Qa5 21. Bg5
N6h7 22. Bxh4 g5 23. Bg3 Ng6 24. Nd3 Nf4 25. Bf2 Nf8 26. Nd1 Qxd2+ 27. Kxd2
Nxd3 28. Bxd3 Ng6 29. Ne3 Nf4 30. Rh1 Bf6 31. Nc4 Bb5 32. b3 Bd8 33. a4 Bxc4
34. Bxc4 Ba5+ 35. Kc2 Bb4 36. a5 Kg7 37. Ra4 Bc5 38. Bxc5 Rxc5 39. Rb4 Rc7 40.
Rb6 Rh8 41. Kb2 Kf8 42. Bf1 Ke7 43. Rh2 Kd7 44. Rc2 Nxh3 45. Rc4 Ng1 46. Rcb4
Nxf3 47. Rxb7 Rh2+ 48. Ka3 Rhc2 49. Bxa6 f6 50. Rxc7+ Rxc7 51. Rb8 Ra7 52. Rb6
Nd4 53. Ka4 Kc7 54. Bb5 Ra8 55. Ra6 Rh8 56. Bc6 1-0